000 00633nam a2200253Ia 4500
003 OSt
005 20220918165410.0
006 a|||||r|||| 00| 0
007 ta
008 220917b |||||||| |||| 00| 0 eng d
020 _a703671206
024 _a2,216
037 _cTextual
040 _aARTS
_cARTS
_beng
041 _2eng
_aeng
082 _aS, N8
100 _aDas J P
_924111
245 0 _aWorking mind
_b An introduction to psychology
260 _aNew Delhi
_bSage pub India
_c1998
300 _a278 p.
_ccm.
650 _aPSYCHOLOGY
942 _hS, N8
_cTEXL
_2CC
999 _c129690
_d129690